Learning Resource and Development

Supply chain processes : (Record no. 30300)

MARC details
000 -LEADER
fixed length control field 03450cam a22003978i 4500
001 - CONTROL NUMBER
control field 21828966
003 - CONTROL NUMBER IDENTIFIER
control field CSPC
005 - DATE AND TIME OF LATEST TRANSACTION
control field 20250903162247.0
008 - FIXED-LENGTH DATA ELEMENTS--GENERAL INFORMATION
fixed length control field 201203s2021 nyu b 001 0 eng
010 ## - LIBRARY OF CONGRESS CONTROL NUMBER
LC control number 2020054742
020 ## - INTERNATIONAL STANDARD BOOK NUMBER
International Standard Book Number 9780367540081
Qualifying information (paperback)
035 ## - SYSTEM CONTROL NUMBER
System control number 21828966
040 ## - CATALOGING SOURCE
Original cataloging agency DLC
Language of cataloging eng
Description conventions rda
Transcribing agency DLC
Modifying agency CSPC
042 ## - AUTHENTICATION CODE
Authentication code pcc
050 00 - LIBRARY OF CONGRESS CALL NUMBER
Classification number HD38.5
Item number .R6334 2021
082 00 - DEWEY DECIMAL CLASSIFICATION NUMBER
Classification number 658.7
Item number R545s
Edition number 23
100 1# - MAIN ENTRY--PERSONAL NAME
Personal name Robertson, Peter W.,
Relator term author.
245 10 - TITLE STATEMENT
Title Supply chain processes :
Remainder of title developing competitive advantage through supply chain process excellence /
Statement of responsibility, etc. Peter W. Robertson.
250 ## - EDITION STATEMENT
Edition statement First edition.
263 ## - PROJECTED PUBLICATION DATE
Projected publication date 2106
264 #1 - PRODUCTION, PUBLICATION, DISTRIBUTION, MANUFACTURE, AND COPYRIGHT NOTICE
Place of production, publication, distribution, manufacture Abingdon, Oxon ;
-- New York, NY :
Name of producer, publisher, distributor, manufacturer Routledge,
Date of production, publication, distribution, manufacture, or copyright notice 2021.
300 ## - PHYSICAL DESCRIPTION
Extent xviii, 162 pages ;
Dimensions 24 cm.
336 ## - CONTENT TYPE
Content type term text
Content type code txt
Source rdacontent
337 ## - MEDIA TYPE
Media type term unmediated
Media type code n
Source rdamedia
338 ## - CARRIER TYPE
Carrier type term volume
Carrier type code nc
Source rdacarrier
504 ## - BIBLIOGRAPHY, ETC. NOTE
Bibliography, etc. note Includes bibliographical references and index.
505 0# - FORMATTED CONTENTS NOTE
Formatted contents note Introduction and context -- Seven key challenges confronting modern-day supply chains -- Setting an appropriate supply chain strategy -- Developing an elegant supply chain design -- Achieving supply chain execution excellence -- Recruiting, developing and enabling supply chain people -- Tackling supply chain sustainability head-on -- Preconditions for supply chain excellence success.
520 ## - SUMMARY, ETC.
Summary, etc. "Supply Chain Processes introduces readers to the view that genuine supply chain competitive advantage is achieved via supply chain excellence which in turn is underpinned by supply chain process excellence. The ultimate supply chain goal is to deliver the right product, of the right quality, in the right quantity, to the right place, at the right time and for the right cost. The author identifies four core supply chain processes - strategy, design, execution and people - to which the process improvement techniques explained can be applied to ensure superior supply chain performance. Key topics are addressed, including supply chain risk, resilience, sustainability, challenges confronting modern-day supply chains and developing an elegant supply chain design. Each chapter starts with a section that explores learning opportunities and is followed by detailed chapter content. Carefully explained examples are provided, as well as end of chapter case studies, review questions and written assignments. A full suite of teaching aids is also provided for lecturers and tutors. Providing both management expertise and technical skills, which are essential to decision-makers in the supply chain, this textbook should be essential reading for undergraduate and post-graduate students, working people or mature aged persons wanting to upgrade their qualifications, and operating supply chain leaders and supply chain professionals. Online resources include chapter-by-chapter PowerPoint slides, tutorial exercises, written assignments and a test bank of exam questions"--
Assigning source Provided by publisher.
650 #0 - SUBJECT ADDED ENTRY--TOPICAL TERM
Topical term or geographic name entry element Business logistics.
650 #0 - SUBJECT ADDED ENTRY--TOPICAL TERM
Topical term or geographic name entry element Competition.
776 08 - ADDITIONAL PHYSICAL FORM ENTRY
Relationship information Online version:
Main entry heading Robertson, Peter W.,
Title Supply chain processes
Edition 1.
Place, publisher, and date of publication New York City : Routledge Books, 2021.
International Standard Book Number 9781003084037
Record control number (DLC) 2020054743
906 ## - LOCAL DATA ELEMENT F, LDF (RLIN)
a 7
b cbc
c orignew
d 1
e ecip
f 20
g y-gencatlg
942 ## - ADDED ENTRY ELEMENTS (KOHA)
Source of classification or shelving scheme Dewey Decimal Classification
Koha item type Books
Edition 23
Classification part 658.7
Item part R545s
Call number prefix GRD
Call number suffix 2021
Suppress in OPAC No
Holdings
Withdrawn status Lost status Source of classification or shelving scheme Damaged status Not for loan Home library Current library Shelving location Date acquired Total Checkouts Full call number Barcode Date last seen Copy number Price effective from Koha item type
    Dewey Decimal Classification     Main Library Main Library Graduate School Library 09/03/2025   GRD 658.7 R545s 2021 030072 09/03/2025 1-1 09/03/2025 Books